Public administration (Record no. 6766)

MARC details
000 -LEADER
fixed length control field 00532cam a2200217ua 4500
008 - FIXED-LENGTH DATA ELEMENTS--GENERAL INFORMATION
fixed length control field 141218n ii |||gr||||Z||||||asm
020 ## - INTERNATIONAL STANDARD BOOK NUMBER
International Standard Book Number 9789382283836
040 ## - CATALOGING SOURCE
Transcribing agency MAIN
041 ## - LANGUAGE CODE
-- asm
082 ## - DEWEY DECIMAL CLASSIFICATION NUMBER
Classification number 351
100 ## - MAIN ENTRY--PERSONAL NAME
Personal name Majinder, T.,
Relator term
245 1# - TITLE STATEMENT
Title Public administration
Statement of responsibility, etc. By Thanuram Majinder
250 ## - EDITION STATEMENT
Edition statement 1st.
260 ## - PUBLICATION, DISTRIBUTION, ETC.
Place of publication, distribution, etc. Dibrugarh:
Name of publisher, distributor, etc. Kaustabh,
Date of publication, distribution, etc. 2014.
300 ## - PHYSICAL DESCRIPTION
Extent 227p.
700 ## - ADDED ENTRY--PERSONAL NAME
Personal name Goswami, D.,
Relator term
700 ## - ADDED ENTRY--PERSONAL NAME
Personal name Sonowal, K.,
Relator term
942 ## - ADDED ENTRY ELEMENTS (KOHA)
Koha item type Books
653 ## - INDEX TERM--UNCONTROLLED
Uncontrolled term Public administration
Holdings
Withdrawn status Lost status Damaged status Not for loan Home library Current library Shelving location Date acquired Total Checkouts Full call number Barcode Date last seen Copy number Price effective from Koha item type Date last checked out
        Central Library, Naharkatiya College Central Library, Naharkatiya College General Stacks 19/09/2020   351 | MAJ 22638 19/09/2020 2 19/09/2020 Books  
        Central Library, Naharkatiya College Central Library, Naharkatiya College General Stacks 19/09/2020 1 351 | MAJ 22639 15/11/2021 1 19/09/2020 Books 26/10/2021

Naharkatiya College © 2020. All rights reserved.

Powered By